01610nam a2200361 a 4500001001000000003000500010005001700015008004100032010001100073011001100084040000900095090001000104100005300114245024000167260004400407500006000451502010100511590004100612590004000653590004000693590004000733590004000773650005300813650004800866650004600914650004500960856007001005901000701075942001001082942000601092999001901098952013101117000114127CHAP20220329144428.0171106s2016 mx sm |||||||spa d a110588 a111560 cCHAP aTesis1 aTagle Rodríguez, José Alberto Rafael913398910aEfectividad biológica in vitro de Trichoderma spp. extractos vegetales y fungicidas químicos contra Colletotrichum gloeosporioides Penz. causante de antracnosis en naranjah[En línea]cpor José Alberto Rafael Tagle Rodríguez. aCocula, Gro. Méx. :bEl autor,c2016. aPara ver el contenido del material haga clic en la liga aTesis (Ingeniero Agrónomo Fitotecnista) -- Colegio Superor Agropecuario del Estado de Guerrero aE11695DGDb10c20171107lUCH01h1043 aE6337LMJb05c20171106lUCH01h1315 aE6337LMJb05c20171106lUCH01h1315 aE6337LMJb05c20171106lUCH01h1328 aE6337LMJb05c20171106lUCH01h132914aColletotrichum gloeosporioidesxControl.913399014aExtractos vegetales como fungicida.912963914aNaranjaxEnfermedades por hongos.913399914aTrichoderma spp. como fungicida.9133923 aFinding aiduhttp://10.13.5.2/tesis/sist114127.pdfzTeclea aquí aBK cTESIS n0 c110588d110588 00104054718TESISaBCbBCd2017-11-06fTESISl0oTesisp114128-10r2019-12-31 00:00:00w2019-12-31yTESISzRecien adquirido